| 000 | 00778nam a22002057a 4500 | ||
|---|---|---|---|
| 005 | 20100723104331.0 | ||
| 010 | _aENG-96696 | ||
| 020 |
_a9789380388106 _c1095.00 |
||
| 035 | _aEN-80229 | ||
| 037 | _bDBAD/PUB | ||
| 082 | _a909.81 | ||
| 100 |
_aBakshi, S.R. _9772 |
||
| 245 |
_aHistory of the contemporary world / _cby S.R. Bakshi |
||
| 260 |
_aNew Delhi _bD.P.S. Publishing House _c2010 |
||
| 270 |
_aRoom No.213, 7/28, Mahavir Street, Ansari Road, Darya Ganj, _bNew Delhi _e110002 |
||
| 300 |
_a342 p. _c22 cm (Hb) |
||
| 500 | _aincludes bibliographical references and index | ||
| 942 |
_2ddc _cEN _h909.81 _mBAK |
||
| 999 |
_c37386 _d37386 |
||